000 00345pab a2200145 454500
008 180718b1987 xxu||||| |||| 00| 0 eng d
100 _aChitale, M.P.
245 _aUnhappy financial position
260 _c1987
300 _a667-70
362 _a11 Apr.
650 _aFinance, Public
773 _aEconomic and Political Weekly
909 _a8485
999 _c8485
_d8485